000 00925nam a2200337 a 4500
003 AR-BaBNM
005 20251128205923.0
008 082120s2002 ||||||||||||||000 | spa||
020 _a950-822-030-9
040 _cAR-BaBNM
100 1 _aIncarbone, Oscar
245 0 0 _aJuego y movimiento de 6 a 14 años
250 _a1ª ed.
260 _aBuenos Aires
_bNovelibro
_c1997
300 _a284 p.
_bil.
650 4 _aEDUCACION FISICA
650 4 _aENSEÑANZA
650 4 _aJUEGOS EDUCATIVOS
650 4 _aRECURSOS EDUCACIONALES
650 4 _aDESARROLLO MOTOR
650 4 _aPSICOMOTRICIDAD
653 _aEDUCACION GENERAL BASICA
653 _aCONTENIDOS BASICOS COMUNES
653 _aEDUCACION INICIAL
653 _aEDUCACION POLIMODAL
653 _aLEY FEDERAL DE EDUCACION
700 1 _aValer, Jorge da Silva
_ecolaborador
700 1 _aPelaez, Sandra
_ecolaborador
942 _cBK
998 _cCARMEN
999 _c13309
_d13309